| 000 | 00560nam a22001577a 4500 | ||
|---|---|---|---|
| 003 | NUST | ||
| 082 | _a629.8 | ||
| 100 |
_aINAM ,MUHAMMAD FAWAD _9122421 |
||
| 245 |
_aINFLATION FORECASTING FOR PAKISTAN USING MACHINE LEARNING METHODS / _cMUHAMMAD FAWAD INAM |
||
| 264 |
_aIslamabad: _bSMME- NUST. _c2021. |
||
| 300 |
_a29p. ; _bSoft Copy, _c30cm. |
||
| 650 |
_aMS Robotics and Intelligent Machine Engineering _9119486 |
||
| 700 |
_aSupervisor : Dr. Hasan Sajid _9121640 |
||
| 856 | _uhttp://10.250.8.41:8080/xmlui/handle/123456789/26325 | ||
| 942 |
_2ddc _cTHE |
||
| 999 |
_c608916 _d608916 |
||